00430cam a2200133 a 4500008004100000035001200041050002200053100001900075245007400094260004100168300002100209650002700230650003900257040129s1974 ag 000 0 spa u aa434689 0aHD6602 bI82 19741 aIscaro, Rubens10aDiálogos sindicales entre peronistas y comunistas /cRubens Iscaro. aBuenos Aires :bFundamentos, c1974. a122 p. ;c20 cm.10aSindicatos zArgentina20aTrabajo y trabajadores zArgentina